Central Library OPAC University of Rajshahi

সার্ধশততম জন্মবর্ষে রবীন্দ্রনাথ / (Record no. 44233)

MARC details
000 -LEADER
fixed length control field 00894nam a2200229 a 4500
001 - CONTROL NUMBER
control field 44233
003 - CONTROL NUMBER IDENTIFIER
rucl marc code BD-RjUL
005 - DATE AND TIME OF LATEST TRANSACTION
control field 20211209053823.0
008 - FIXED-LENGTH DATA ELEMENTS--GENERAL INFORMATION
fixed length control field 160716s2011 bg ||||| |||| 00| 0 ben d
020 ## - INTERNATIONAL STANDARD BOOK NUMBER
International Standard Book Number 9789843333605
035 ## - SYSTEM CONTROL NUMBER
System control number (BD-RjUL)44351
040 ## - CATALOGING SOURCE
Original cataloging agency BD-RjUL
Language of cataloging ben
Transcribing agency BD-RjUL
Modifying agency BD-RjUL
041 ## - LANGUAGE CODE
Language code of text/sound track or separate title ben
082 ## - DEWEY DECIMAL CLASSIFICATION NUMBER
Edition number 23
Classification number 928
Author mark and year SHA 2011
245 10 - TITLE STATEMENT
Title সার্ধশততম জন্মবর্ষে রবীন্দ্রনাথ /
Statement of responsibility, etc. সম্পাদক সান্‌জীদা খাতুন
260 ## - PUBLICATION, DISTRIBUTION, ETC. (IMPRINT)
Place of publication, distribution, etc. ঢাকা :
Name of publisher, distributor, etc. ছায়ানট,
Date of publication, distribution, etc. ২০১১
300 ## - PHYSICAL DESCRIPTION
Pagination ৪৩৫ পৃ. :
Illustrations চিত্র ;
Size ২৭ সেমি.
600 ## - SUBJECT ADDED ENTRY--PERSONAL NAME
Personal name ঠাকুর, রবীন্দ্রনাথ
Personal name Tagore, Rabindranath
700 ## - ADDED ENTRY--PERSONAL NAME
Personal name খাতুন, সান্‌জীদা, সম্পাদক
942 ## - ADDED ENTRY ELEMENTS (KOHA)
Source of classification or shelving scheme Dewey Decimal Classification
Koha item type Books
Holdings
Lost status Source of classification or shelving scheme Damaged status Not for loan Collection code Permanent Location Current Location Shelving location Date acquired Source of acquisition Total Checkouts Full call number Date last seen Copy number Koha item type
  Dewey Decimal Classification     Non-fiction Central Library, University of Rajshahi Central Library, University of Rajshahi   12/07/2011 Sampadok, Dhaka.   B 928 SHA 2011 16/07/2016 C-2 Books